What Would Drucker Do Now (Record no. 54921)
[ view plain ]
| 000 -LEADER | |
|---|---|
| fixed length control field | 00315nam a22001457a 4500 |
| 008 - FIXED-LENGTH DATA ELEMENTS--GENERAL INFORMATION | |
| fixed length control field | 190925b ||||| |||| 00| 0 eng d |
| 020 ## - INTERNATIONAL STANDARD BOOK NUMBER | |
| International Standard Book Number | 9780071762205 |
| 041 ## - LANGUAGE CODE | |
| Language code of text/sound track or separate title | eng |
| 080 ## - UNIVERSAL DECIMAL CLASSIFICATION NUMBER | |
| Universal Decimal Classification number | 658 |
| 082 ## - DEWEY DECIMAL CLASSIFICATION NUMBER | |
| Classification number | 658 |
| 100 ## - Rafti | |
| Rafti | 53 |
| 101 ## - Shkurtesa | |
| Shkurtesa | MEN |
| 245 ## - TITLE STATEMENT | |
| Title | What Would Drucker Do Now |
| Statement of responsibility, etc | Wartzman.R |
| 942 ## - ADDED ENTRY ELEMENTS (KOHA) | |
| Source of classification or shelving scheme | |
| Item type | Books |
| Withdrawn status | Lost status | Source of classification or shelving scheme | Damaged status | Not for loan | Permanent location | Current location | Shelving location | Date acquired | Total Checkouts | Full call number | Barcode | Date last seen | Price effective from | Koha item type |
|---|---|---|---|---|---|---|---|---|---|---|---|---|---|---|
| UBT - Gjilan | UBT - Gjilan | Koleksioni i përgjithshem | 09/25/2019 | 658 WAR | 002-3020159 | 09/25/2019 | 09/25/2019 | Books | ||||||
| UBT - Gjilan | UBT - Gjilan | Koleksioni i përgjithshem | 09/25/2019 | 658 WAR | 002-3020154 | 09/25/2019 | 09/25/2019 | Books | ||||||
| UBT - Gjilan | UBT - Gjilan | Koleksioni i përgjithshem | 09/25/2019 | 658 WAR | 002-3020149 | 09/25/2019 | 09/25/2019 | Books | ||||||
| UBT - Gjilan | UBT - Gjilan | Koleksioni i përgjithshem | 09/25/2019 | 658 WAR | 002-3020144 | 09/25/2019 | 09/25/2019 | Books | ||||||
| UBT - Gjilan | UBT - Gjilan | Koleksioni i përgjithshem | 09/25/2019 | 658 WAR | 002-3020139 | 09/25/2019 | 09/25/2019 | Books |